header

The ontology of becoming (Record no. 135244)

MARC details
000 -LEADER
fixed length control field 01673nam a2200433Ia 4500
100 1# - MAIN ENTRY--AUTHOR NAME
Personal name Dillon, M. C.
245 14 - TITLE STATEMENT
Title The ontology of becoming
260 ## - PUBLICATION, DISTRIBUTION, ETC. (IMPRINT)
Place of publication Athens :
Name of publisher Ohio University Press,
Year of publication c2012.
300 ## - PHYSICAL DESCRIPTION
Number of Pages xxxv, 233 p.
490 1# - SERIES STATEMENT
Series statement Series in Continental thought
650 #0 - SUBJECT ADDED ENTRY--TOPICAL TERM
Topical Term Ontology.
Topical Term Becoming (Philosophy)
Topical Term Ethics.
Topical Term Intersubjectivity.
700 1# - ADDED ENTRY--PERSONAL NAME
Personal name Hass, Lawrence.
Personal name Dillon, M. C.
856 40 - ELECTRONIC LOCATION AND ACCESS
Uniform Resource Identifier http://site.ebrary.com/lib/rucke/Doc?id=10539257

No items available.

© 2026 Rongo University
Contact us: librarian | system librarian | Rongo university